|
|
|
|
| LEADER |
01068nam a2200325 4500 |
| 001 |
000006217 |
| 003 |
2372 |
| 005 |
20110905100957.0 |
| 008 |
110905s2003 viesd |
| 020 |
|
|
|c 40000 đ
|
| 041 |
0 |
|
|a vie
|
| 082 |
|
|
|a 152
|b CA-D
|
| 100 |
0 |
|
|a Carnegie, Dale
|
| 245 |
|
0 |
|a Những nhược điểm tâm lý toàn diện của con người
|c Dale Carnegie, Biên dịch: Vũ Ngọc Hiền
|
| 260 |
|
|
|a Hải Phòng
|b Nxb. Hải Phòng
|c 2003
|
| 300 |
|
|
|a 398 tr,
|c 19 cm
|
| 653 |
|
|
|a Tâm lý
|
| 653 |
|
|
|a Con người
|
| 700 |
|
|
|a Vũ Ngọc Hiền
|e Biên dịch
|
| 910 |
|
|
|a Minh
|d 5/9/2011
|
| OWN |
|
|
|a LSP
|
| AVA |
|
|
|a UDN50
|b LSP
|d 152 CA-D
|e check_holdings
|t Error 5003 Not defined in file expand_doc_bib_avail.
|h N
|k 1
|
| 999 |
|
|
|a From the UDN01
|
| AVA |
|
|
|a UDN50
|b LSP
|d 152 CA-D
|e available
|t Error 5001 Not defined in file expand_doc_bib_avail.
|f 15
|g 0
|h N
|i 0
|k 1
|
| TYP |
|
|
|a Monograph
|
| TYP |
|
|
|a Printed language
|
| 980 |
|
|
|a Mạng thư viện Đại học Đà Nẵng
|